000 00358nam a2200157Ia 4500
003 Ost
005 20260225132556.0
008 260225s9999||||xx |||||||||||||| ||und||
040 _cfsic
041 _afre
082 _a440
100 _aRégis Bergeron
_eAuteur
245 0 _aLe Cinéma chinois 1949-1983 /
245 0 _cRégis Bergeron
942 _cكتاب
999 _c34488
_d34488